|
|
|
|
| LEADER |
00000nab#a22000007a#4500 |
| 001 |
arbauad023415 |
| 003 |
AR-BaUAD |
| 005 |
20250711111959.0 |
| 008 |
961114|||||||||###||||||b###|0###a|spa|| |
| 040 |
|
|
|a AR-BaUAD
|c AR-BaUAD
|b spa
|
| 100 |
|
|
|a Todd, John
|
| 245 |
|
|
|a Lessons from the biosphere /
|c John Todd; Nancy Todd;
|
| 300 |
0 |
|
|b fot.
|
| 653 |
|
|
|a ESTADOS UNIDOS
|
| 653 |
|
|
|a TODD, NANCY
|
| 653 |
|
|
|a TODD, JOHN
|
| 653 |
|
|
|a ECOLOGIA
|
| 653 |
|
|
|a MEDIO AMBIENTE
|
| 653 |
|
|
|a ECOSISTEMAS
|
| 653 |
|
|
|a ENERGIA SOLAR
|
| 653 |
|
|
|a ARQUITECTURA AMBIENTAL
|
| 700 |
1 |
|
|a Todd, Nancy
|
| 773 |
0 |
|
|t I.D.
|g [set.-oct. 1987], p. 56-59
|
| 942 |
|
|
|c ARTI
|
| 952 |
|
|
|0 0
|1 0
|4 0
|7 0
|9 68334
|a AR-BAuAD
|b AR-BAuAD
|d 2025-07-11
|l 0
|p AAQA023415
|r 2025-07-11 11:19:59
|w 2025-07-11
|y ARTI
|
| 990 |
|
|
|a AQ198
|b TD
|
| 990 |
|
|
|a CE198
|b TD
|
| 998 |
|
|
|a AAQ
|b BIBUN76
|
| 999 |
|
|
|c 48007
|d 48007
|